[Event "SR 4. liga A21 2018/2019"]
[Site "?"]
[Date "2019.02.03"]
[Round "8.3"]
[White "Stehlik, Jan"]
[Black "Kanka, Tomas"]
[Result "0-1"]
[WhiteElo "1614"]
[BlackElo "1714"]
[PlyCount "72"]
[EventDate "2018.??.??"]
[WhiteTeam "Å achovÃ½ klub HolÃ­Ä� B"]
[BlackTeam "Å K Nafta Gbely C"]

1. e4 e5 2. Nf3 Nc6 3. Bc4 Nf6 4. Ng5 d5 5. exd5 Na5 6. Bb5+ c6 7. dxc6 bxc6 8.
Be2 h6 9. Nf3 e4 10. Ne5 Qd4 11. Ng4 Bxg4 12. Bxg4 e3 13. Bf3 exf2+ 14. Kf1 Be7
15. c3 Qc4+ 16. d3 Qe6 17. b4 Nb7 18. Kxf2 O-O 19. Re1 Qd7 20. Bxc6 Qxc6 21.
Rxe7 Nd5 22. Re1 Nxc3 23. Qb3 Qf6+ 24. Kg1 Ne2+ 25. Rxe2 Qxa1 26. Re7 Nd6 27.
Bf4 Nf5 28. Be5 Nd4 29. Qd1 Rfe8 30. Rxe8+ Rxe8 31. Bxd4 Qxd4+ 32. Kh1 Qxb4 33.
Nd2 Qa3 34. Ne4 Rc8 35. Nf6+ Kh8 36. Qb3 Rc1+ 0-1

[Event "SR 4. liga A21 2018/2019"]
[Site "?"]
[Date "2019.02.03"]
[Round "8.3"]
[White "Mraz, Jan"]
[Black "Holiencin, Filip"]
[Result "0-1"]
[WhiteElo "1724"]
[BlackElo "1698"]
[PlyCount "48"]
[EventDate "2018.??.??"]
[WhiteTeam "Å K Nafta Gbely C"]
[BlackTeam "Å achovÃ½ klub HolÃ­Ä� B"]

1. d4 Nf6 2. e3 d5 3. Bd3 g6 4. Ne2 Bg7 5. Ng3 O-O 6. Nd2 Nbd7 7. O-O e5 8. c3
c6 9. e4 exd4 10. cxd4 dxe4 11. Ndxe4 Nxe4 12. Bxe4 Nb6 13. Be3 f5 14. Qb3+ Kh8
15. f3 f4 16. Rad1 fxe3 17. Qxe3 Bf5 18. Kf2 Bxe4 19. Qxe4 Qd5 20. Qxd5 Nxd5
21. h4 Rae8 22. h5 Ne3 23. hxg6 Nxf1 24. gxh7 Nxg3 0-1

[Event "SR 4. liga A21 2018/2019"]
[Site "?"]
[Date "2019.02.03"]
[Round "8.3"]
[White "Stasek, Daniel"]
[Black "Papanek, Lubomir"]
[Result "1/2-1/2"]
[WhiteElo "1616"]
[BlackElo "1593"]
[PlyCount "90"]
[EventDate "2018.??.??"]
[WhiteTeam "Å achovÃ½ klub HolÃ­Ä� B"]
[BlackTeam "Å K Nafta Gbely C"]

1. e4 c5 2. Nf3 Nc6 3. d4 cxd4 4. Nxd4 e5 5. Nb3 Nf6 6. Bg5 Be7 7. Nc3 h6 8.
Be3 d6 9. Be2 Be6 10. O-O a6 11. a4 Bxb3 12. cxb3 Nb4 13. a5 d5 14. Bb6 Qd7 15.
Nxd5 Nbxd5 16. exd5 Qxd5 17. Qc2 Qc6 18. Qf5 Qe4 19. Qxe4 Nxe4 20. Bf3 Nd6 21.
Rfe1 f6 22. Bh5+ Kd7 23. Red1 f5 24. Bf7 Rhc8 25. Bd5 Ke8 26. Rac1 Rxc1 27.
Rxc1 Rc8 28. Rxc8+ Nxc8 29. Bxb7 Nxb6 30. axb6 Bc5 31. Bxa6 Bxb6 32. Bc8 f4 33.
b4 Ke7 34. Bf5 Kd6 35. Be4 Bd4 36. b3 Bb6 37. b5 Kc5 38. Bd3 Ba5 39. Kf1 Kd4
40. Ke2 e4 41. Bc4 Bb6 42. f3 e3 43. g4 g5 44. h3 Kc3 45. Bf7 Kd4 1/2-1/2

[Event "SR 4. liga A21 2018/2019"]
[Site "?"]
[Date "2019.02.03"]
[Round "8.4"]
[White "Diviak, Rudolf"]
[Black "Cerovsky, Marian"]
[Result "1/2-1/2"]
[WhiteElo "1786"]
[BlackElo "1797"]
[PlyCount "62"]
[EventDate "2018.??.??"]
[WhiteTeam "CVÄŒ Senica B"]
[BlackTeam "Å O KopÄ�any"]

1. e4 e5 2. Bc4 Bc5 3. Nf3 Nc6 4. c3 Nf6 5. d3 h6 6. Bb3 d6 7. O-O O-O 8. Nbd2
a5 9. Nc4 b5 10. Ne3 Ne7 11. Bd2 a4 12. Bc2 Nh7 13. d4 exd4 14. cxd4 Bb6 15.
Bd3 c6 16. Qc2 Re8 17. Bb4 Nf8 18. Rfd1 Ba5 19. Bxa5 Qxa5 20. Rac1 Bb7 21. Qd2
Qxd2 22. Rxd2 Nd7 23. d5 Nc5 24. Bb1 Red8 25. e5 Nxd5 26. exd6 Nxe3 27. fxe3
Nd7 28. Be4 Ra6 29. Nd4 Ne5 30. Nxb5 cxb5 31. Bxb7 Raxd6 1/2-1/2

[Event "SR 4. liga A21 2018/2019"]
[Site "?"]
[Date "2019.02.03"]
[Round "8.4"]
[White "Moravec, Milan"]
[Black "Hrdlicka, Martin"]
[Result "1/2-1/2"]
[WhiteElo "1627"]
[BlackElo "1461"]
[PlyCount "48"]
[EventDate "2018.??.??"]
[WhiteTeam "Å O KopÄ�any"]
[BlackTeam "CVÄŒ Senica B"]

1. d4 d5 2. c4 c6 3. Nf3 Nf6 4. Nc3 e6 5. e3 Bd6 6. Bd3 O-O 7. O-O b6 8. cxd5
exd5 9. e4 dxe4 10. Nxe4 Be7 11. Be3 Nbd7 12. Qc2 Bb7 13. Nxf6+ Nxf6 14. Ne5
Qd5 15. Bc4 Qd6 16. Qb3 Nd5 17. Bxd5 Qxd5 18. Qxd5 cxd5 19. Rfc1 Rfc8 20. Rxc8+
Rxc8 21. Rc1 Rxc1+ 22. Bxc1 f6 23. Nf3 Kf7 24. Kf1 Bc8 1/2-1/2

[Event "SR 4. liga A21 2018/2019"]
[Site "?"]
[Date "2019.02.03"]
[Round "8.4"]
[White "Drozd, Jan"]
[Black "Damborsky, Pavol"]
[Result "1-0"]
[WhiteElo "1505"]
[BlackElo "1610"]
[PlyCount "91"]
[EventDate "2018.??.??"]
[WhiteTeam "CVÄŒ Senica B"]
[BlackTeam "Å O KopÄ�any"]

1. e4 e5 2. Nf3 d6 3. d4 exd4 4. Qxd4 Nc6 5. Bb5 Bd7 6. Bxc6 bxc6 7. Nc3 Nf6 8.
Bg5 c5 9. Qd3 h6 10. Bh4 Bc6 11. O-O Be7 12. Rfe1 O-O 13. Rad1 Qc8 14. e5 dxe5
15. Nxe5 Qb7 16. Nxc6 Qxc6 17. Rxe7 Nh5 18. Qd5 Qg6 19. Qd3 Qg4 20. Bg3 c6 21.
Re4 Qg6 22. Re5 f5 23. Rxc5 Rae8 24. Be5 Re6 25. Ne2 Qe8 26. Qc3 Qg6 27. Nf4
Nxf4 28. Bxf4 Kh7 29. b4 Qe8 30. a4 Rg6 31. Qf3 Qc8 32. Rd6 Rxd6 33. Bxd6 Rf7
34. Qxc6 Qe6 35. Re5 Qg6 36. Qd5 Rd7 37. Re6 Qf7 38. Qe5 Rb7 39. Re7 Rxe7 40.
Qxe7 Qc4 41. Qc7 Qxc7 42. Bxc7 Kg8 43. b5 Kf7 44. a5 Ke7 45. b6 axb6 46. a6 1-0

[Event "SR 4. liga A21 2018/2019"]
[Site "?"]
[Date "2019.02.03"]
[Round "8.4"]
[White "Dubecky, Ladislav"]
[Black "Valent, Tomas"]
[Result "1-0"]
[WhiteElo "1579"]
[BlackElo "1423"]
[PlyCount "87"]
[EventDate "2018.??.??"]
[WhiteTeam "Å O KopÄ�any"]
[BlackTeam "CVÄŒ Senica B"]

1. e4 e5 2. f4 exf4 3. Nf3 Nc6 4. d4 d5 5. e5 Be6 6. Bxf4 Nge7 7. Bg5 h6 8. Bh4
g5 9. Bf2 Ng6 10. Be3 Qd7 11. Bb5 O-O-O 12. O-O Bg7 13. Nbd2 f6 14. exf6 Bxf6
15. c3 Bg7 16. Qa4 Nge7 17. Ne5 Qd6 18. Nxc6 Nxc6 19. Bxc6 Qxc6 20. Qxa7 g4 21.
Bf4 h5 22. Nb3 Qa6 23. Qc5 Rd7 24. Be5 Bxe5 25. dxe5 h4 26. Nd4 Rf7 27. Nb5
Rhf8 28. Rxf7 Rxf7 29. Nd6+ Kd7 30. Nxf7 Bxf7 31. Qf8 Be6 32. Qg7+ Kc6 33. Qh6
Kb5 34. Qe3 Qb6 35. Qxb6+ Kxb6 36. Kf2 c5 37. Ke3 Kc6 38. Rf1 Kd7 39. b4 cxb4
40. cxb4 d4+ 41. Kxd4 Bxa2 42. Rf6 h3 43. g3 Be6 44. Kc5 1-0

[Event "SR 4. liga A21 2018/2019"]
[Site "?"]
[Date "2019.02.03"]
[Round "8.4"]
[White "Oslej, Marek"]
[Black "Sprusansky, Ferdinand"]
[Result "1/2-1/2"]
[WhiteElo "1253"]
[BlackElo "1262"]
[PlyCount "52"]
[EventDate "2018.??.??"]
[WhiteTeam "CVÄŒ Senica B"]
[BlackTeam "Å O KopÄ�any"]

1. e4 e5 2. Nf3 Nc6 3. Bc4 Bc5 4. c3 Nf6 5. d3 d5 6. Bb5 Bd7 7. Bg5 O-O 8. exd5
Ne7 9. Bxd7 Nxd7 10. c4 h6 11. Bh4 Bd4 12. Nxd4 exd4 13. O-O Nc5 14. b4 Na6 15.
b5 Nc5 16. Re1 Re8 17. Qg4 Nf5 18. Rxe8+ Qxe8 19. Nd2 Nxh4 20. Qxh4 Qe2 21.
Qxd4 Nxd3 22. Qc3 Qxf2+ 23. Kh1 Ne1 24. Qg3 Qxg3 25. hxg3 Nc2 26. Rc1 Nd4
1/2-1/2

[Event "SR 4. liga A21 2018/2019"]
[Site "?"]
[Date "2019.02.03"]
[Round "8.5"]
[White "Sadlon, Juraj"]
[Black "Vagovic, Milan"]
[Result "1/2-1/2"]
[WhiteElo "1900"]
[BlackElo "1693"]
[PlyCount "86"]
[EventDate "2018.??.??"]
[WhiteTeam "CVÈ Brezová pod Bradlom"]
[BlackTeam "ŠK Kamenár Chtelnica"]

1. e4 c5 2. Nf3 d6 3. c3 Nc6 4. Bb5 Bd7 5. d3 a6 6. Ba4 b5 7. Bc2 g6 8. Nbd2
Bg7 9. Nf1 Nf6 10. Ng3 Bg4 11. h3 Bc8 12. O-O O-O 13. Be3 Bb7 14. Qd2 e6 15.
Bh6 Re8 16. Bxg7 Kxg7 17. Rac1 h6 18. d4 Na5 19. b3 Rc8 20. Rfd1 Qc7 21. Bb1
Rcd8 22. Qe3 Qe7 23. Rd2 Qc7 24. dxc5 dxc5 25. Rcd1 Rxd2 26. Qxd2 Nc6 27. Qd6
Qb6 28. Qf4 e5 29. Qe3 Rd8 30. Rd3 Rxd3 31. Bxd3 Qd8 32. Kf1 Nd7 33. Ke2 Qa5
34. Bb1 Qc7 35. Qd2 Ne7 36. a3 a5 37. b4 axb4 38. axb4 c4 39. Qe3 Bc6 40. Qd2
f6 41. Qa2 Nf8 42. Nf1 Ne6 43. g3 Qb7 1/2-1/2

[Event "SR 4. liga A21 2018/2019"]
[Site "?"]
[Date "2019.02.03"]
[Round "8.5"]
[White "Piestansky, Jan"]
[Black "Skapikova, Lubica"]
[Result "0-1"]
[WhiteElo "1638"]
[BlackElo "1860"]
[PlyCount "108"]
[EventDate "2018.??.??"]
[WhiteTeam "ŠK Kamenár Chtelnica"]
[BlackTeam "CVÈ Brezová pod Bradlom"]

1. e4 e5 2. Nf3 Nc6 3. Bc4 Bc5 4. c3 Nf6 5. d3 O-O 6. O-O h6 7. Be3 Bb6 8. Bb3
d6 9. Bxb6 axb6 10. h3 Ne7 11. Nh4 Kh7 12. f4 exf4 13. Nd2 g5 14. Nhf3 Ng6 15.
d4 g4 16. hxg4 Nxg4 17. Qe1 Ne3 18. Rf2 Be6 19. d5 Bg4 20. Nc4 Bxf3 21. Nxe3
Bxe4 22. Nc2 Bf5 23. Nd4 Re8 24. Qd2 Be4 25. Nf3 Qd7 26. Bc2 Qf5 27. Bxe4 Rxe4
28. Re1 Rxe1+ 29. Nxe1 Rxa2 30. Nf3 Ra1+ 31. Rf1 Rxf1+ 32. Kxf1 Qe4 33. Kf2 Ne7
34. Nd4 Nxd5 35. Nf3 b5 36. Ne1 b4 37. Nf3 bxc3 38. bxc3 Kg6 39. Nh4+ Kf6 40.
Nf3 c5 41. Nh4 b5 42. Nf3 Qe3+ 43. Qxe3 fxe3+ 44. Ke2 Kf5 45. Kd3 Nf4+ 46. Kxe3
Nxg2+ 47. Kf2 Nf4 48. Ke3 Nd5+ 49. Kd3 Kg4 50. Ng1 h5 51. c4 bxc4+ 52. Kxc4 Nf4
53. Kc3 Kg3 54. Kd2 Kg2 0-1

[Event "SR 4. liga A21 2018/2019"]
[Site "?"]
[Date "2019.02.03"]
[Round "8.5"]
[White "Pericka, Pavol"]
[Black "Pripko, Bystrik"]
[Result "1-0"]
[WhiteElo "1788"]
[BlackElo "1651"]
[PlyCount "113"]
[EventDate "2018.??.??"]
[WhiteTeam "CVÈ Brezová pod Bradlom"]
[BlackTeam "ŠK Kamenár Chtelnica"]

1. e4 e5 2. Bc4 Bc5 3. Nf3 Nc6 4. d3 h6 5. Nc3 Nf6 6. a3 d6 7. h3 O-O 8. Na4
Bb6 9. Nxb6 axb6 10. O-O Be6 11. Bxe6 fxe6 12. Be3 Ne7 13. Nh4 Qe8 14. f4 exf4
15. Rxf4 e5 16. Rf2 c5 17. g4 g5 18. Qf1 Kg7 19. Nf5+ Nxf5 20. Rxf5 Nh7 21. Qf3
Qe6 22. Rf1 Rf6 23. h4 Raf8 24. h5 Qa2 25. Bc1 b5 26. Qd1 Qe6 27. Qf3 Qd7 28.
Be3 Qc6 29. Kg2 Rxf5 30. exf5 Nf6 31. Qxc6 bxc6 32. Kg3 Nd5 33. Bd2 Kf6 34. c4
Nb6 35. b3 Ra8 36. Ra1 bxc4 37. bxc4 d5 38. Rb1 Rb8 39. Ba5 Nd7 40. Rxb8 Nxb8
41. Bd8+ Kf7 42. Bc7 Nd7 43. a4 d4 44. a5 e4 45. a6 exd3 46. Kf2 Nf6 47. Ba5
Nxg4+ 48. Kg3 Ne3 49. a7 Nxc4 50. a8=Q d2 51. Qb7+ Kf6 52. Qxc6+ Kxf5 53. Qxc5+
Ne5 54. Bxd2 Ke4 55. Qc2+ d3 56. Qa4+ Kf5 57. Bc3 1-0

[Event "SR 4. liga A21 2018/2019"]
[Site "?"]
[Date "2019.02.03"]
[Round "8.5"]
[White "Kupkovic, Miroslav"]
[Black "Skapik, Branislav"]
[Result "1/2-1/2"]
[WhiteElo "1733"]
[BlackElo "1770"]
[PlyCount "25"]
[EventDate "2018.??.??"]
[WhiteTeam "ŠK Kamenár Chtelnica"]
[BlackTeam "CVÈ Brezová pod Bradlom"]

1. d4 e6 2. c4 d5 3. Nf3 Nf6 4. g3 Be7 5. Bg2 O-O 6. cxd5 exd5 7. Qc2 c6 8. Nc3
Re8 9. O-O Bd6 10. Bg5 h6 11. Bd2 Nbd7 12. Nh4 Nf8 13. Rae1 1/2-1/2

[Event "SR 4. liga A21 2018/2019"]
[Site "?"]
[Date "2019.02.03"]
[Round "8.5"]
[White "Brath, Zdeno"]
[Black "Kuracina, Lubomir"]
[Result "1-0"]
[WhiteElo "1510"]
[BlackElo "1422"]
[PlyCount "85"]
[EventDate "2018.??.??"]
[WhiteTeam "CVÈ Brezová pod Bradlom"]
[BlackTeam "ŠK Kamenár Chtelnica"]

1. e4 e5 2. Bc4 a6 3. Nf3 d6 4. h3 b5 5. Bb3 c5 6. Bd5 Ra7 7. d3 Be7 8. Be3 h6
9. b4 Qc7 10. c4 Nf6 11. Nc3 bxc4 12. Bxc4 Nc6 13. b5 Nd8 14. Rb1 Qa5 15. Bd2
O-O 16. Nd5 Qxd2+ 17. Qxd2 Nxd5 18. Bxd5 axb5 19. O-O Be6 20. Bb3 f5 21. exf5
Rxf5 22. Rfe1 Kh8 23. Bxe6 Nxe6 24. Qc2 Rf8 25. d4 cxd4 26. Rxb5 Nc5 27. Reb1
d3 28. Qc4 Rf4 29. Rb8+ Kh7 30. Qg8+ Kg6 31. Qd5 Rfa4 32. R1b2 R7a5 33. R8b5
Ra6 34. Rxc5 dxc5 35. Nxe5+ Kf6 36. Nxd3 Rd4 37. Qf3+ Kg6 38. Ne5+ Kh7 39. Qf5+
Kg8 40. Qf7+ Kh7 41. Qxe7 c4 42. Rb7 Rxa2 43. Qxg7# 1-0

[Event "SR 4. liga A21 2018/2019"]
[Site "?"]
[Date "2019.02.03"]
[Round "8.6"]
[White "Jakubec, Milan"]
[Black "Musaev, Urmat"]
[Result "1-0"]
[WhiteElo "1996"]
[BlackElo "1837"]
[PlyCount "49"]
[EventDate "2018.??.??"]
[WhiteTeam "ZÅ K VrbovÃ© B"]
[BlackTeam "Å K KÃºpele PieÅ¡Å¥any B"]

1. e4 c5 2. Nf3 d6 3. d4 cxd4 4. Nxd4 Nf6 5. f3 a6 6. c4 g6 7. Be3 Bg7 8. Nc3
Nc6 9. Qd2 O-O 10. Be2 Qc7 11. O-O Bd7 12. Rac1 e6 13. Rfd1 Ne8 14. Nd5 Qd8 15.
Nxc6 Bxc6 16. Nb6 Rb8 17. c5 Qf6 18. cxd6 Qxb2 19. Rc2 Qe5 20. d7 Nf6 21. Bf4
Qh5 22. Bxb8 Bh6 23. Bf4 g5 24. d8=Q gxf4 25. Qxf6 1-0

[Event "SR 4. liga A21 2018/2019"]
[Site "?"]
[Date "2019.02.03"]
[Round "8.6"]
[White "Curidlo, Jan"]
[Black "Lajda, Dusan"]
[Result "0-1"]
[WhiteElo "1819"]
[BlackElo "1769"]
[PlyCount "110"]
[EventDate "2018.??.??"]
[WhiteTeam "Å K KÃºpele PieÅ¡Å¥any B"]
[BlackTeam "ZÅ K VrbovÃ© B"]

1. e4 c5 2. Nf3 d6 3. d4 cxd4 4. Nxd4 Nf6 5. Nc3 a6 6. Be2 e5 7. Nf3 Be6 8. O-O
Be7 9. h3 O-O 10. Be3 b5 11. a3 Qc7 12. Nd2 Nbd7 13. Bf3 Nb6 14. Re1 Rac8 15.
Rc1 Rfd8 16. Bxb6 Qxb6 17. Nd5 Nxd5 18. exd5 Bf5 19. Be4 Bg6 20. Bxg6 hxg6 21.
c3 f5 22. Nf3 Bf6 23. Qd2 Re8 24. Re2 Qd8 25. Rce1 Rf8 26. Kf1 Rc5 27. Qd1 a5
28. Rc2 Qa8 29. Rd2 a4 30. Qb1 Kh7 31. Red1 Re8 32. h4 e4 33. Ng5+ Bxg5 34.
hxg5 Qd8 35. Re2 Qxg5 36. Re3 Rc4 37. Rh3+ Kg8 38. Rg3 Qf4 39. Qc1 Qxc1 40.
Rxc1 Kf7 41. Ke2 Rc5 42. Rd1 Re5 43. Rh3 Rcxd5 44. Rxd5 Rxd5 45. Rh8 f4 46. Rc8
Rc5 47. Rb8 g5 48. f3 e3 49. Rb6 Rd5 50. Ke1 Ke6 51. c4 bxc4 52. Rb4 Rd2 53.
Rxc4 Rxb2 54. Rxa4 Rxg2 55. Ra7 g4 0-1

[Event "SR 4. liga A21 2018/2019"]
[Site "?"]
[Date "2019.02.03"]
[Round "8.6"]
[White "Lanyi, Frantisek"]
[Black "Bardik, Jozef"]
[Result "1/2-1/2"]
[WhiteElo "1649"]
[BlackElo "1846"]
[PlyCount "81"]
[EventDate "2018.??.??"]
[WhiteTeam "ZÅ K VrbovÃ© B"]
[BlackTeam "Å K KÃºpele PieÅ¡Å¥any B"]

1. d4 c6 2. e4 d5 3. Nc3 dxe4 4. Nxe4 Bf5 5. Ng3 Bg6 6. Nf3 e6 7. Ne5 Nd7 8.
Nxg6 hxg6 9. Be3 Qc7 10. h3 Ngf6 11. Bd3 Bd6 12. Ne4 Nxe4 13. Bxe4 Nf6 14. Bf3
Nd5 15. Bxd5 Qa5+ 16. c3 Qxd5 17. Rg1 Bh2 18. Rf1 Qxg2 19. Qb3 O-O-O 20. O-O-O
Rxh3 21. d5 Rxd5 22. Bxa7 Rxd1+ 23. Rxd1 Bf4+ 24. Kb1 Rh1 25. a3 Qe4+ 26. Ka2
Rxd1 27. Qxd1 Qd5+ 28. Qb3 Qxb3+ 29. Kxb3 Kc7 30. Bc5 Bd6 31. Be3 f5 32. f3 e5
33. c4 b6 34. Kc3 Bc5 35. Bxc5 bxc5 36. b4 Kd6 37. Kd3 g5 38. Ke3 cxb4 39. axb4
c5 40. b5 Kc7 41. Kf2 1/2-1/2

[Event "SR 4. liga A21 2018/2019"]
[Site "?"]
[Date "2019.02.03"]
[Round "8.6"]
[White "Sedlak, Rastislav"]
[Black "Cheben, Jozef"]
[Result "1/2-1/2"]
[WhiteElo "1643"]
[BlackElo "1568"]
[PlyCount "142"]
[EventDate "2018.??.??"]
[WhiteTeam "Å K KÃºpele PieÅ¡Å¥any B"]
[BlackTeam "ZÅ K VrbovÃ© B"]

1. e4 e5 2. Nf3 Nc6 3. Bc4 Nf6 4. Ng5 d5 5. exd5 Nxd5 6. Qf3 Qxg5 7. Bxd5 Qf6
8. Qxf6 gxf6 9. Bxc6+ bxc6 10. O-O Bd6 11. Re1 Be6 12. d3 Rg8 13. Nc3 O-O-O 14.
Be3 a6 15. Ne4 Be7 16. a3 h5 17. Kf1 Bd5 18. g3 f5 19. Nc3 Bf3 20. Bd2 Bd6 21.
Ne2 f6 22. Ng1 Bd5 23. Nh3 f4 24. c4 Be6 25. Ng1 fxg3 26. hxg3 Bf5 27. Ke2 Bg4+
28. Nf3 Rge8 29. Be3 e4 30. dxe4 Rxe4 31. Rac1 Bf8 32. b4 Kb7 33. c5 Rd5 34.
Red1 Rf5 35. Rd8 Bxf3+ 36. Kf1 Be7 37. Re8 Rfe5 38. Rc3 Bd1 39. Kg2 Rf5 40. Rd3
Bf3+ 41. Kh2 Rd5 42. Rxd5 cxd5 43. Kh3 Kc6 44. Ra8 Kb7 45. Re8 Kc6 46. Ra8 Be2
47. Kg2 d4 48. Bd2 d3 49. Rxa6+ Kb7 50. Ra5 c6 51. b5 Bxc5 52. bxc6+ Kxc6 53.
Ra6+ Kb7 54. Rxf6 Bxa3 55. f4 Bg4 56. Bc3 Re2+ 57. Kf1 d2 58. Bxd2 Rxd2 59. f5
Bc5 60. Rf7+ Kc8 61. f6 Rf2+ 62. Ke1 Kd8 63. Rb7 Ke8 64. Rb5 Re2+ 65. Kf1 Re5
66. Kg2 Kf7 67. Rb3 Kxf6 68. Rc3 Re2+ 69. Kh1 Bf2 70. Rb3 Be3 71. Rb6+ Bxb6
1/2-1/2

[Event "SR 4. liga A21 2018/2019"]
[Site "?"]
[Date "2019.02.03"]
[Round "8.6"]
[White "Krchnak, Rudolf"]
[Black "Divinec, Peter"]
[Result "1-0"]
[WhiteElo "1652"]
[BlackElo "1525"]
[PlyCount "83"]
[EventDate "2018.??.??"]
[WhiteTeam "ZÅ K VrbovÃ© B"]
[BlackTeam "Å K KÃºpele PieÅ¡Å¥any B"]

1. d4 f5 2. g3 Nf6 3. Bg2 g6 4. Nf3 Bg7 5. O-O O-O 6. c4 d6 7. Nc3 c6 8. Re1
Na6 9. Qb3 Qe8 10. c5+ Kh8 11. cxd6 exd6 12. Bf4 d5 13. Bd6 Rg8 14. Ne5 Nd7 15.
f4 Nxe5 16. dxe5 Bf8 17. Bxf8 Qxf8 18. e3 Rb8 19. Rac1 Qe7 20. a3 Be6 21. Qd1
Nc5 22. b4 Ne4 23. Nxe4 dxe4 24. Bf1 Rgd8 25. Qc2 a6 26. Red1 Rbc8 27. Rxd8+
Rxd8 28. Rd1 Kg7 29. Rxd8 Qxd8 30. Be2 h6 31. Kf2 g5 32. Ke1 gxf4 33. exf4 Qd4
34. Qc5 Qxc5 35. bxc5 Kf7 36. Kd2 a5 37. Ke3 Ke7 38. h3 Kf7 39. Bh5+ Kg7 40. g4
Kh7 41. gxf5 Bxf5 42. Bg4 1-0

[Event "SR 4. liga A21 2018/2019"]
[Site "?"]
[Date "2019.02.17"]
[Round "9.1"]
[White "Musaev, Urmat"]
[Black "Klimes, Karel"]
[Result "1/2-1/2"]
[WhiteElo "1837"]
[BlackElo "1715"]
[PlyCount "40"]
[EventDate "2018.??.??"]
[WhiteTeam "Å K KÃºpele PieÅ¡Å¥any B"]
[BlackTeam "Å K Å tefanov"]

1. e4 e5 2. Nf3 Nc6 3. Bc4 Be7 4. O-O Nf6 5. Re1 O-O 6. c3 d6 7. h3 Be6 8. Bxe6
fxe6 9. Ng5 Qd7 10. Qb3 Nd8 11. d4 exd4 12. cxd4 h6 13. Nf3 b6 14. e5 Nd5 15.
Nc3 Nxc3 16. bxc3 d5 17. a4 Nc6 18. Qc2 Rf5 19. Ba3 Raf8 20. Bxe7 Qxe7 1/2-1/2

[Event "SR 4. liga A21 2018/2019"]
[Site "?"]
[Date "2019.02.17"]
[Round "9.1"]
[White "Wallner, Juraj"]
[Black "Curidlo, Jan"]
[Result "0-1"]
[WhiteElo "1598"]
[BlackElo "1819"]
[PlyCount "72"]
[EventDate "2018.??.??"]
[WhiteTeam "Å K Å tefanov"]
[BlackTeam "Å K KÃºpele PieÅ¡Å¥any B"]

1. e4 c5 2. Nf3 d6 3. d4 cxd4 4. Nxd4 Nf6 5. Nc3 a6 6. a4 e6 7. Bd3 Be7 8. O-O
O-O 9. f4 Qb6 10. Kh1 Qxd4 11. e5 dxe5 12. fxe5 Qxe5 13. Qf3 Qh5 14. Qg3 Nc6
15. Bg5 Qg4 16. Qe3 Nd5 17. Nxd5 Bxg5 18. Nf4 e5 19. Qe4 g6 20. Nd5 Qxe4 21.
Bxe4 f5 22. Bd3 Kg7 23. Nc3 Be6 24. Rae1 e4 25. Be2 Bd2 26. Rd1 Bxc3 27. bxc3
Rad8 28. Rb1 Rf7 29. h3 Rd2 30. Bd1 Ne5 31. Re1 Rfd7 32. Kg1 Nc4 33. Be2 Rxc2
34. Bxc4 Bxc4 35. Rbc1 Rdd2 36. Rxc2 Rxc2 0-1

[Event "SR 4. liga A21 2018/2019"]
[Site "?"]
[Date "2019.02.17"]
[Round "9.1"]
[White "Bardik, Jozef"]
[Black "Visvader, Kristof"]
[Result "1-0"]
[WhiteElo "1846"]
[BlackElo "1372"]
[PlyCount "75"]
[EventDate "2018.??.??"]
[WhiteTeam "Å K KÃºpele PieÅ¡Å¥any B"]
[BlackTeam "Å K Å tefanov"]

1. d4 d5 2. c4 c6 3. Nc3 Nf6 4. e3 e6 5. Bd2 Nbd7 6. c5 Qc7 7. f4 b6 8. b4 b5
9. Bd3 g6 10. Nf3 Bg7 11. O-O h5 12. Ne5 a6 13. Qf3 Bb7 14. Qh3 Ng8 15. Nxg6
fxg6 16. Qxe6+ Kd8 17. Qxg6 Nf8 18. Qg3 Kc8 19. a4 Nf6 20. axb5 cxb5 21. Ra2
Bc6 22. Rfa1 Kb7 23. Bxb5 Bxb5 24. Nxb5 Qd7 25. Nd6+ Kc7 26. Rxa6 Rxa6 27. Rxa6
Kb8 28. Rb6+ Ka8 29. b5 Ne6 30. Qe1 Qa7 31. Ra6 Qxa6 32. bxa6 Rb8 33. Ba5 Ng4
34. h3 Nf6 35. Bb6 Nd7 36. a7 Rf8 37. Qa5 Nxb6 38. Qxb6 1-0

[Event "SR 4. liga A21 2018/2019"]
[Site "?"]
[Date "2019.02.17"]
[Round "9.1"]
[White "Visvader, Rudolf"]
[Black "Musaev, Matej Elbek"]
[Result "0-1"]
[WhiteElo "1305"]
[BlackElo "1754"]
[PlyCount "58"]
[EventDate "2018.??.??"]
[WhiteTeam "Å K Å tefanov"]
[BlackTeam "Å K KÃºpele PieÅ¡Å¥any B"]

1. d4 d5 2. Nf3 Nf6 3. e3 e6 4. Bd3 Be7 5. Nbd2 b6 6. c3 Bb7 7. O-O O-O 8. Re1
c5 9. e4 cxd4 10. cxd4 dxe4 11. Nxe4 Nxe4 12. Bxe4 Bxe4 13. Rxe4 Nc6 14. b3 Qd5
15. Qe2 Bf6 16. Bb2 Rfd8 17. Rd1 Rac8 18. h4 Nb4 19. Rc1 Nxa2 20. Rxc8 Rxc8 21.
Qa6 Rc7 22. Nd2 Nb4 23. Qa4 Be7 24. Re5 Qd8 25. Re4 Rc2 26. Ba3 Ra2 27. Nc4 Qb8
28. Qd7 Ra1+ 29. Re1 Rxe1# 0-1

[Event "SR 4. liga A21 2018/2019"]
[Site "?"]
[Date "2019.02.17"]
[Round "9.1"]
[White "Sedlak, Rastislav"]
[Black "Novomeska, Karin"]
[Result "1-0"]
[WhiteElo "1643"]
[BlackElo "1282"]
[PlyCount "115"]
[EventDate "2018.??.??"]
[WhiteTeam "Å K KÃºpele PieÅ¡Å¥any B"]
[BlackTeam "Å K Å tefanov"]

1. e4 c6 2. d4 d5 3. e5 Bf5 4. Bd3 Bxd3 5. Qxd3 e6 6. Nf3 h6 7. O-O Ne7 8. c4
Ng6 9. Nc3 Bb4 10. cxd5 cxd5 11. Qb5+ Nc6 12. Qxb7 Qc8 13. Qxc8+ Rxc8 14. Bd2
O-O 15. Rfc1 Rb8 16. a3 Bxc3 17. Rxc3 Rfc8 18. b4 Nge7 19. Rac1 a6 20. g3 Rb6
21. Ne1 Rbb8 22. Be3 Rb6 23. Nd3 Nf5 24. a4 Nfe7 25. g4 Rbb8 26. g5 Kh7 27. f4
Rb6 28. h4 Rcb8 29. a5 R6b7 30. Nc5 Rb5 31. Nxa6 Rc8 32. Rc5 Rxc5 33. Rxc5 Ra8
34. Nc7 Rc8 35. Nb5 Rb8 36. Bd2 Rc8 37. a6 Ra8 38. Nc7 Ra7 39. b5 Rxc7 40. bxc6
Rxc6 41. a7 Ra6 42. Ra5 Rxa7 43. Rxa7 Nc6 44. Rxf7 Nxd4 45. Kf2 Kg6 46. Rb7 Kh5
47. Rxg7 hxg5 48. hxg5 Nf5 49. Rh7+ Kg6 50. Rh8 Kg7 51. Ra8 Nd4 52. Ra6 Kf7 53.
Kg3 Kg7 54. Kg4 Kg6 55. f5+ Kf7 56. g6+ Ke7 57. f6+ Kf8 58. Ra8# 1-0

[Event "SR 4. liga A21 2018/2019"]
[Site "?"]
[Date "2019.02.17"]
[Round "9.2"]
[White "Slaba, Andrea"]
[Black "Jakubec, Milan"]
[Result "1/2-1/2"]
[WhiteElo "1882"]
[BlackElo "1996"]
[PlyCount "120"]
[EventDate "2018.??.??"]
[WhiteTeam "Å K KamenÃ¡r Chtelnica"]
[BlackTeam "ZÅ K VrbovÃ© B"]

1. d4 d5 2. Nf3 Nf6 3. g3 e6 4. Bg2 Bd6 5. O-O Nbd7 6. Nbd2 c6 7. c4 O-O 8. Qc2
Re8 9. Rd1 Qe7 10. e4 dxe4 11. Nxe4 Nxe4 12. Qxe4 e5 13. dxe5 Nxe5 14. Nxe5
Bxe5 15. Bf4 Bf6 16. Qxe7 Bxe7 17. Re1 Be6 18. b3 Bb4 19. Re3 Bf5 20. Rd1 Red8
21. Rxd8+ Rxd8 22. Bf3 h6 23. Re5 Bb1 24. a3 f6 25. Re2 Bxa3 26. Re1 Bg6 27.
Ra1 Bc5 28. b4 Bxb4 29. Rxa7 Rd7 30. Kg2 Re7 31. Be3 Bd3 32. c5 Kf7 33. Ra4
Rxe3 34. fxe3 Bxc5 35. Kf2 f5 36. Ra5 Bb6 37. Ra8 Ke7 38. Rb8 Bc7 39. Rxb7 Kd6
40. Rb3 Bb5 41. Rb1 Kc5 42. Rc1+ Kd6 43. Be2 Ba4 44. Bd3 g6 45. h4 c5 46. h5 g5
47. Bxf5 Bb5 48. e4 c4 49. Kf3 Kc5 50. g4 Bf4 51. Rd1 c3 52. e5 Ba4 53. Rd6 c2
54. Bxc2 Bxc2 55. Rxh6 Bxe5 56. Ra6 Kd4 57. h6 Be4+ 58. Kf2 Kd5 59. Ke2 Bd4 60.
Ra4 Ke5 1/2-1/2

[Event "SR 4. liga A21 2018/2019"]
[Site "?"]
[Date "2019.02.17"]
[Round "9.2"]
[White "Lajda, Dusan"]
[Black "Vagovic, Milan"]
[Result "0-1"]
[WhiteElo "1769"]
[BlackElo "1693"]
[PlyCount "100"]
[EventDate "2018.??.??"]
[WhiteTeam "ZÅ K VrbovÃ© B"]
[BlackTeam "Å K KamenÃ¡r Chtelnica"]

1. e4 c5 2. Nf3 d6 3. d4 cxd4 4. Nxd4 Nc6 5. Nc3 a6 6. Be2 e6 7. Be3 Nf6 8. Qd2
Be7 9. a4 O-O 10. O-O Qc7 11. f3 b6 12. Nxc6 Qxc6 13. Bd3 Bb7 14. Rfd1 Rfd8 15.
Qf2 Nd7 16. Ne2 Bf6 17. Nd4 Qc7 18. c3 g6 19. Nb3 Nc5 20. Nxc5 bxc5 21. Bc4 Rd7
22. Bf4 Rad8 23. Rd2 Qc6 24. Bf1 d5 25. exd5 exd5 26. Qg3 d4 27. c4 a5 28. Bd3
Re8 29. Kf1 Rde7 30. b3 Qc8 31. Rad1 Be5 32. Re2 Bxf4 33. Qxf4 Rxe2 34. Bxe2
Qe6 35. Bd3 Qe3 36. Qxe3 Rxe3 37. Kf2 f5 38. Bc2 f4 39. Rd3 g5 40. Kf1 h5 41.
h3 Kf7 42. Kf2 h4 43. Kf1 Ke7 44. Kf2 Kd6 45. Kf1 Bc8 46. Rd2 Ke5 47. Kf2 Bf5
48. Bxf5 Kxf5 49. b4 axb4 50. a5 Ra3 0-1